01754agaaa2200313 45000010005000000030009000050050017000140070009000310080040000400400023000800410013001031000055001161300022001712400027001932450155002202460020003752500022003952600107004173000034005245080123005585110077006815200402007585380009011605460013011696500067011827000069012497000067013187000055013850726IT-RoPAU20220918181250.0d cvaizq50131s9999||||xx ||| | || ||und|| aIT-RoPAUcIT-RoPAU aITALIANO aSciumovskij GhennadijgCodice regista SPICS: 38768 aRITRATTO BLU (IL) aGOLUBOY PORTRETgT2612 aRITRATTO BLU (IL)cSceneggiatura: Aleksandrov Aleksandr -- Diretto da: Sciumovskij GhennadijpRITRATTO BLU (IL) (Rif. Codice opera principale : V0726) aGOLUBOY PORTRET aEdizione Standard aURSS (U.R.S.S.)bMOSFILM / Distribuzione: SPF FIRENZEg"1981 (1° ed.: 1993 ; Ed. Lingua Orig.: 1981)" a16MMbsonoro, col.c86 minuti a"Fotografia: Korzhikhin Dmitrij; Montaggio: Kniazeva L.; Musica: Shwarz Issak; Sceneggiatura: Aleksandrov Aleksandr; " a"Mikhajlova Daria; Saviscev Valerij; Soshalskaja Varvara; Nazarov Jurij" aIL DODICENNE ALIOSCIA E IL PADRE CONDUCONO LA LORO ESISTENZA IN CAMPAGNA. ALIOSCIA NUTRE UN SOGNO: VOLARE ALTO NEL CIELO CON UNA MONGOLFIERA. INIZIALMENTE RESTIO AD APRIRSI A NUOVE AMICIZIE ALIOSCIA ACCETTA IN SEGUITO LA COMPAGNIA DI TANIA UNA BAMBINA VENUTO A TRASCORRERE LE VACANZE IN CAMPAGNA CONIL SUO AIUTO ALIOSCIA RISCIE A COSTRUIRE UNA MONGOLFIERA. FILM A COLORI. PELLICOLA IN BUONO STATO. aMONO aITALIANO aCOMMEDIAePELLICOLE CINEMA [16 MM]xCodice MATERIA SPICS: 9955 aAleksandrov Aleksandr e(soggetto)gCodice Soggetto SPICS: 38714 aSciumovskij Ghennadij e(regista)gCodice regista SPICS: 38768 aShwarz Issake(musica)gCodice Musica SPICS: 38769